Absenteeism in Japanese SMI'S in the Shah Alam area /
Saved in:
| Main Author: | |
|---|---|
| Format: | Thesis Book |
| Language: | English |
| Published: |
1998.
|
| Subjects: | |
| Tags: |
Add Tag
No Tags, Be the first to tag this record!
|
| LEADER | 01220cam a2200301 a 4500 | ||
|---|---|---|---|
| 001 | u429596 | ||
| 003 | SIRSI | ||
| 008 | 940809s1998 my a t 00 1 eng m | ||
| 035 | |a ACF-8311 | ||
| 040 | |a UMM |d UME | ||
| 043 | |a a-my-se | ||
| 090 | |a HD5115.2 |b M4Hua | ||
| 091 | |a Microfiche 13914 | ||
| 099 | |a 658.314-595 |b Hua | ||
| 100 | 1 | 0 | |a Huang, Choo Yuen. |
| 245 | 1 | 0 | |a Absenteeism in Japanese SMI'S in the Shah Alam area / |c Huang Choo Yuen. |
| 260 | |c 1998. | ||
| 300 | |a vi, 58 leaves : |b ill. ; |c 29 cm. | ||
| 500 | |a Microfiche. Kuala Lumpur : University of Malaya Library, 1999. 1 fiche : negative ; 11 x 15 cm. | ||
| 502 | |a Dissertation (M.B.A) -- Fakulti Perniagaan dan Perakaunan, Universiti Malaya, 1998. | ||
| 504 | |a Bibliography: leaves 45-47. | ||
| 650 | 0 | |a Absenteeism (Labor) |z Malaysia |x Case studies | |
| 650 | 0 | |a Small business |z Selangor |z Shah Alam |x Employees |x Attendance | |
| 710 | 2 | 0 | |a Universiti Malaya. |b Fakulti Perniagaan dan Perakaunan. |
| 948 | |a 30/09/1998 |b 30/05/2002 | ||
| 596 | |a 1 9 | ||
| 999 | |a HD5115.2 M4HUA |w LC |c 1 |i A508303697 |d 4/2/2020 |e 4/2/2020 |l STACKS |m P01UTAMA |n 8 |r Y |s Y |t TESIS |u 10/11/1998 | ||
| 999 | |a TESIS 658.314-595 HUA |w LC |c 1 |i A507993917 |l DISCARD |m P09EKONOMI |r Y |s Y |t TESIS |u 7/11/1998 | ||
